<?xml version="1.0" encoding="UTF-8"?>
<record
    xmlns:xsi="http://www.w3.org/2001/XMLSchema-instance"
    xsi:schemaLocation="http://www.loc.gov/MARC21/slim http://www.loc.gov/standards/marcxml/schema/MARC21slim.xsd"
    xmlns="http://www.loc.gov/MARC21/slim">

  <leader>00624nam a22001577a 4500</leader>
  <controlfield tag="003">OSt</controlfield>
  <controlfield tag="005">20151120163246.0</controlfield>
  <controlfield tag="008">151120b        xxu||||| |||| 00| 0 eng d</controlfield>
  <datafield tag="040" ind1=" " ind2=" ">
    <subfield code="c">RUA</subfield>
  </datafield>
  <datafield tag="082" ind1=" " ind2=" ">
    <subfield code="a">FIS YIN 1996 B164 Or.1</subfield>
  </datafield>
  <datafield tag="100" ind1=" " ind2=" ">
    <subfield code="9">3972</subfield>
    <subfield code="a">YIN, DARA.</subfield>
  </datafield>
  <datafield tag="245" ind1=" " ind2=" ">
    <subfield code="a">The collection of fry from pangasius dia in srok leuk dek of kan dal province, &#x1780;&#x17B6;&#x179A;&#x1794;&#x17D2;&#x179A;&#x1798;&#x17BC;&#x179B;&#x1780;&#x17BC;&#x1793;&#x178F;&#x17D2;&#x179A;&#x17B8;&#x1798;&#x17D2;&#x179F;&#x17C5;&#x1796;&#x17B8;&#x178A;&#x17B6;&#x1799;&#x1780;&#x17BC;&#x1793;&#x178F;&#x17D2;&#x179A;&#x17B8;&#x1794;&#x17D2;&#x179A;&#x17B6;&#x1780;&#x17D2;&#x1793;&#x17BB;&#x1784;&#x179F;&#x17D2;&#x179A;&#x17BB;&#x1780;&#x179B;&#x17BE;&#x1780;&#x178A;&#x17C2;&#x1780;&#x1781;&#x17C1;&#x178F;&#x17D2;&#x178F;&#x1780;&#x178E;&#x17D2;&#x178A;&#x17B6;&#x179B;</subfield>
  </datafield>
  <datafield tag="260" ind1=" " ind2=" ">
    <subfield code="a">Phnom Penh</subfield>
    <subfield code="b">RUA</subfield>
    <subfield code="c">RUA</subfield>
  </datafield>
  <datafield tag="300" ind1=" " ind2=" ">
    <subfield code="a">51p.</subfield>
    <subfield code="b">ill.</subfield>
    <subfield code="c">29cm.</subfield>
  </datafield>
  <datafield tag="942" ind1=" " ind2=" ">
    <subfield code="2">ddc</subfield>
    <subfield code="c">FIS</subfield>
  </datafield>
  <datafield tag="999" ind1=" " ind2=" ">
    <subfield code="c">3693</subfield>
    <subfield code="d">3693</subfield>
  </datafield>
  <datafield tag="952" ind1=" " ind2=" ">
    <subfield code="0">0</subfield>
    <subfield code="1">0</subfield>
    <subfield code="2">ddc</subfield>
    <subfield code="4">0</subfield>
    <subfield code="6">FIS_YIN_1996_000000000000000_B164_OR_1</subfield>
    <subfield code="7">0</subfield>
    <subfield code="9">18333</subfield>
    <subfield code="a">LBB</subfield>
    <subfield code="b">LBB</subfield>
    <subfield code="c">B164</subfield>
    <subfield code="d">2015-11-20</subfield>
    <subfield code="o">FIS YIN 1996 B164 Or.1</subfield>
    <subfield code="p">RUA010202</subfield>
    <subfield code="r">2015-11-20</subfield>
    <subfield code="w">2015-11-20</subfield>
    <subfield code="y">FIS</subfield>
  </datafield>
  <datafield tag="952" ind1=" " ind2=" ">
    <subfield code="0">0</subfield>
    <subfield code="1">0</subfield>
    <subfield code="2">ddc</subfield>
    <subfield code="4">0</subfield>
    <subfield code="6">FIS_YIN_1996_000000000000000_B164_OR_2</subfield>
    <subfield code="7">0</subfield>
    <subfield code="9">18334</subfield>
    <subfield code="a">LBB</subfield>
    <subfield code="b">LBB</subfield>
    <subfield code="c">B164</subfield>
    <subfield code="d">2015-11-20</subfield>
    <subfield code="o">FIS YIN 1996 B164 Or.2</subfield>
    <subfield code="p">RUA011885</subfield>
    <subfield code="r">2015-11-20</subfield>
    <subfield code="w">2015-11-20</subfield>
    <subfield code="y">FIS</subfield>
  </datafield>
  <datafield tag="952" ind1=" " ind2=" ">
    <subfield code="0">0</subfield>
    <subfield code="1">0</subfield>
    <subfield code="2">ddc</subfield>
    <subfield code="4">0</subfield>
    <subfield code="6">FIS_YIN_1996_000000000000000_B164_OR_3</subfield>
    <subfield code="7">0</subfield>
    <subfield code="9">18335</subfield>
    <subfield code="a">LBB</subfield>
    <subfield code="b">LBB</subfield>
    <subfield code="c">B164</subfield>
    <subfield code="d">2015-11-20</subfield>
    <subfield code="o">FIS YIN 1996 B164 Or.3</subfield>
    <subfield code="p">RUA011958</subfield>
    <subfield code="r">2015-11-20</subfield>
    <subfield code="w">2015-11-20</subfield>
    <subfield code="y">FIS</subfield>
  </datafield>
  <datafield tag="952" ind1=" " ind2=" ">
    <subfield code="0">0</subfield>
    <subfield code="1">0</subfield>
    <subfield code="2">ddc</subfield>
    <subfield code="4">0</subfield>
    <subfield code="6">FIS_YIN_1996_000000000000000_B164_OR_4</subfield>
    <subfield code="7">0</subfield>
    <subfield code="9">18336</subfield>
    <subfield code="a">LBB</subfield>
    <subfield code="b">LBB</subfield>
    <subfield code="c">B164</subfield>
    <subfield code="d">2015-11-20</subfield>
    <subfield code="o">FIS YIN 1996 B164 Or.4</subfield>
    <subfield code="p">RUA011523</subfield>
    <subfield code="r">2015-11-20</subfield>
    <subfield code="w">2015-11-20</subfield>
    <subfield code="y">FIS</subfield>
  </datafield>
  <datafield tag="952" ind1=" " ind2=" ">
    <subfield code="0">0</subfield>
    <subfield code="1">0</subfield>
    <subfield code="2">ddc</subfield>
    <subfield code="4">0</subfield>
    <subfield code="6">FIS_YIN_1996_000000000000000_B164_OR_5</subfield>
    <subfield code="7">0</subfield>
    <subfield code="9">18337</subfield>
    <subfield code="a">LBB</subfield>
    <subfield code="b">LBB</subfield>
    <subfield code="c">B164</subfield>
    <subfield code="d">2015-11-20</subfield>
    <subfield code="o">FIS YIN 1996 B164 Or.5</subfield>
    <subfield code="p">RUA010490</subfield>
    <subfield code="r">2015-11-20</subfield>
    <subfield code="w">2015-11-20</subfield>
    <subfield code="y">FIS</subfield>
  </datafield>
  <datafield tag="952" ind1=" " ind2=" ">
    <subfield code="0">0</subfield>
    <subfield code="1">0</subfield>
    <subfield code="2">ddc</subfield>
    <subfield code="4">0</subfield>
    <subfield code="6">FIS_YIN_1996_000000000000000_B164_OR_6</subfield>
    <subfield code="7">0</subfield>
    <subfield code="9">18338</subfield>
    <subfield code="a">LBB</subfield>
    <subfield code="b">LBB</subfield>
    <subfield code="c">B164</subfield>
    <subfield code="d">2015-11-20</subfield>
    <subfield code="o">FIS YIN 1996 B164 Or.6</subfield>
    <subfield code="p">RUA011378</subfield>
    <subfield code="r">2015-11-20</subfield>
    <subfield code="w">2015-11-20</subfield>
    <subfield code="y">FIS</subfield>
  </datafield>
  <datafield tag="952" ind1=" " ind2=" ">
    <subfield code="0">0</subfield>
    <subfield code="1">0</subfield>
    <subfield code="2">ddc</subfield>
    <subfield code="4">0</subfield>
    <subfield code="6">FIS_YIN_1996_000000000000000_B164_OR_7</subfield>
    <subfield code="7">0</subfield>
    <subfield code="9">18339</subfield>
    <subfield code="a">LBB</subfield>
    <subfield code="b">LBB</subfield>
    <subfield code="c">B164</subfield>
    <subfield code="d">2015-11-20</subfield>
    <subfield code="o">FIS YIN 1996 B164 Or.7</subfield>
    <subfield code="p">RUA011106</subfield>
    <subfield code="r">2015-11-20</subfield>
    <subfield code="w">2015-11-20</subfield>
    <subfield code="y">FIS</subfield>
  </datafield>
  <datafield tag="952" ind1=" " ind2=" ">
    <subfield code="0">0</subfield>
    <subfield code="1">0</subfield>
    <subfield code="2">ddc</subfield>
    <subfield code="4">0</subfield>
    <subfield code="6">FIS_YIN_1996_000000000000000_B164_OR_8</subfield>
    <subfield code="7">0</subfield>
    <subfield code="9">18340</subfield>
    <subfield code="a">LBB</subfield>
    <subfield code="b">LBB</subfield>
    <subfield code="c">B164</subfield>
    <subfield code="d">2015-11-20</subfield>
    <subfield code="o">FIS YIN 1996 B164 Or.8</subfield>
    <subfield code="p">RUA011694</subfield>
    <subfield code="r">2015-11-20</subfield>
    <subfield code="w">2015-11-20</subfield>
    <subfield code="y">FIS</subfield>
  </datafield>
  <datafield tag="952" ind1=" " ind2=" ">
    <subfield code="0">0</subfield>
    <subfield code="1">0</subfield>
    <subfield code="2">ddc</subfield>
    <subfield code="4">0</subfield>
    <subfield code="6">FIS_YIN_1996_000000000000000_B164_OR_9</subfield>
    <subfield code="7">0</subfield>
    <subfield code="9">18341</subfield>
    <subfield code="a">LBB</subfield>
    <subfield code="b">LBB</subfield>
    <subfield code="c">B164</subfield>
    <subfield code="d">2015-11-20</subfield>
    <subfield code="o">FIS YIN 1996 B164 Or.9</subfield>
    <subfield code="p">RUA025574</subfield>
    <subfield code="r">2015-11-20</subfield>
    <subfield code="w">2015-11-20</subfield>
    <subfield code="y">FIS</subfield>
  </datafield>
  <datafield tag="952" ind1=" " ind2=" ">
    <subfield code="0">0</subfield>
    <subfield code="1">0</subfield>
    <subfield code="2">ddc</subfield>
    <subfield code="4">0</subfield>
    <subfield code="6">FIS_YIN_1996_000000000000000_B164_OR_10</subfield>
    <subfield code="7">0</subfield>
    <subfield code="9">18342</subfield>
    <subfield code="a">LBB</subfield>
    <subfield code="b">LBB</subfield>
    <subfield code="c">B164</subfield>
    <subfield code="d">2015-11-20</subfield>
    <subfield code="o">FIS YIN 1996 B164 Or.10</subfield>
    <subfield code="p">RUA011595</subfield>
    <subfield code="r">2015-11-20</subfield>
    <subfield code="w">2015-11-20</subfield>
    <subfield code="y">FIS</subfield>
  </datafield>
</record>
